BABYMONSTER - Tous les clips - Statistiques

Statistiques générales
  • Ce quiz a été pris 60 fois
    42 depuis la dernière actualisation
  • Le résultat moyen est 11 sur 13
Statistiques - réponses
Par images Réponse % Correct
CHOOM
100%
DRIP
100%
HOT SAUCE
96%
PSYCHO
96%
CLIK CLAK
93%
FOREVER
93%
SHEESH
93%
BATTER UP
89%
Really Like You
89%
WE GO UP
89%
Love in my Heart
81%
Stuck in the Middle
81%
SUPA DUVA LOVE
19%
Aucun quiz correspondant
Distribution des résultats
% des personnes avec chaque résultat
Percentile par nombre de réponses
Votre historique - résultats
Vous n’avez pas pris ce quiz depuis la dernière actualisation